| 000 | 02075 a2200193 4500 | ||
|---|---|---|---|
| 001 | 27139 | ||
| 005 | 20260407155548.0 | ||
| 008 | 260407a1972 arg spa d | ||
| 003 | AR-UNSa-BCEJYS | ||
| 040 |
_aAR-UNSa-BCEJYS _bspa _cAR-UNSa-BCEJYS |
||
| 080 |
_a347.736 _xQuiebra. Insolvencia. Suspensión de pagos. Bancarrota, procedimientos. Derecho Concursal |
||
| 245 | 1 | 0 |
_aConcursos y procedimiento concursal _pcomentario y análisis de la ley 19.551 |
| 264 | 1 |
_aBuenos Aires : _bEdiciones Depalma _c1972 |
|
| 300 |
_a320 p. _c23 cm. |
||
| 505 | _a1. Desarrollo histórico.Sistemas legislativos - 2. Antecedentes nacionales. Evolución legislativa hasta llegar a la actual ley - 3. Principios generales - 4. El concurso preventivo - 6. Trámite hasta la junta - 7. Junta de acreedores - 8. Impugnación y homologación del acuerdo - 9. Efectos del acuerdo homologado - 10. Nulidad del acuerdo. Incumplimiento - 11. Disposiciones particulares para el acuerdo por cesión de bienes - 12. Declaración de la quiebra - 13. Sentencia - 14. Recursos contra la sentencia de quiebra - 15. Efectos de la quiebra - 16. Efectos generales sobre relaciones jurídica preexistentes - 17. Efectos sobre ciertas relaciones jurídicas en particulares - 18. Extensión de la quiebra y responsabilidad de terceros - 19. Inacutación y conservación de bienes - 20. Continuación de la empresa - 21. Príodo informativo en la quiebra - 22. Realización de bienes - 23. Informe final y distribución - 24. Acuerdo resolutorio - 25. Avenimiento - 26. Pago total - 27. Clausura del procedimiento - 28. Calificación de la conducta del fallido y de terceros - 29. Rehablitación - 30. Concurso en caso de liquidación administrativa - 31. Privilegio - 32. El órgano judicial - 33. Funcionarios y empleados de los concursos - 34. Regulación de honorarios - 35. Reglas procesales - 36. De los concursos civiles - 37. Derecho penal concursal - 38. Disposiciones complementarias y transitorias. | ||
| 942 | _cBK | ||
| 590 | _aniveau_biblio:m niveau_hierar:0 | ||
| 100 | 1 | _aMigliardi, Francisco N.M.O. | |
| 999 |
_c1552 _d1552 |
||